000
00334nam a2200145Ia 4500
008
150201s2001 xx 000 0 und d
082
_a
617.6
_b
T2001R
100
_a
RANI, M.S.
245
_a
TEXTBOOK OF ORTHODONTICS
250
_a
3RD
260
_b
AITBS
_a
DELHI
_c
2001
300
_a
1-315
650
_a
ORTHODONTICS
942
_2
ddc
_c
BK
999
_c
3215
_d
3215